|
|
|
|
| LEADER |
00000nam a22000007a 4500 |
| 005 |
2011092309309.0 |
| 008 |
110923s2009 it |||||s|||| 00||0 ita d |
| 020 |
|
|
|a 978-88-8492-641-8
|
| 035 |
|
|
|a 4804
|
| 040 |
|
|
|a vLex
|
| 090 |
|
|
|c 2542
|d 2542
|
| 100 |
1 |
|
|a Cecchella, Claudio
|
| 245 |
1 |
3 |
|a La famiglia di fatto
|h [Recurso electrn̤ico] /
|c Claudio Cecchella
|
| 256 |
|
|
|a Servicio en ln̕ea.
|
| 260 |
|
|
|a Pisa :
|b Edizioni PLUS,
|c 2009
|
| 300 |
|
|
|a 1 recurso electrn̤ico
|
| 506 |
1 |
|
|a Contenido solo disponible en los productos indicados
|d vLex Global
|d vLex Global (Academic Edition, excluding Law Schools)
|d vLex Global (U.S. Academic Edition, Law Schools)
|d vLex Global (U.S. Academic Edition, excluding Law Schools)
|d vLex Global (Academic Edition, Law Schools)
|
| 650 |
0 |
4 |
|a Derecho civil
|z Italia
|
| 740 |
0 |
|
|a vLex Libros (Servicio en ln̕ea)
|
| 856 |
4 |
0 |
|u http://vlex.com/source/famiglia-di-fatto-4804
|z Acceso restringido
|
| 942 |
|
|
|c BOOK
|